000 01308nam a22003017a 4500
005 20240530110431.0
008 150224s2011 ua b g 000 0 ara d
017 _a2010/16043
_bمصر . دار الكتب المصرية
020 _a9789773502823
040 _aEG-CaGPL
041 0 _aara
082 0 4 _221
_a940.54/
_bم ر
100 0 _aمحمد حسن العيدروس
245 1 0 _aرومل ثعلب الصحراء :
_bالانتصار الالمانى على القوات البريطانية قيادة رومل لتحقيق النصر من يناير الى يونيو 1942 /
_cمحمد حسن العيدروس
250 _aط1
260 _aالقاهرة :
_bدار الكتاب الحديث ،
_c2011
300 _a341 ص ؛
_c24 سم
490 _aالموسوعة العسكرية التاريخية
600 0 4 _aرومل
_xتاريخ عسكرى
650 0 4 _aمعركة الغزالة
650 0 4 _aمعركة طبرق
650 0 4 _aبريطانيا
_xتاريخ
_yالعصر الحديث
650 0 4 _aالحرب العالمية الثانية ( 1939 - 1945 )
651 0 4 _aليبيا
_xالحرب العالمية الثانية
651 0 4 _aافريقيا
_xالحرب العالمية الثانية
942 _2ddc
_cBK
999 _c60854
_d60854